Príčiny nezamestnanosti mladých ľudí a absolventov škôl v kontexte nerovnosti v prístupe na trh práce
Príčiny nezamestnanosti mladých ľudí a absolventov škôl. Pozornosť je venovaná viacerým druhom príčin, ako sú faktory procesu transformácie slovenskej ekonomiky a jeho dopad na trh práce, vplyv finančnej a hospodárskej krízy na zamestnanosť týchto osôb, bariéry v prístupe na pracovný trh prejavujúce...
Salvato in:
| Autore principale: | |
|---|---|
| Natura: | Capitolo di libro |
| Lingua: | slovacco |
| Soggetti: | |
| Tags: |
Nessun Tag, puoi essere il primo ad aggiungerne!!
|
MARC
| LEADER | 00000nla a2200000 4500 | ||
|---|---|---|---|
| 001 | 0184514 | ||
| 005 | 20240502073149.3 | ||
| 041 | 0 | |a slo | |
| 044 | |a SK | ||
| 245 | 1 | 0 | |a Príčiny nezamestnanosti mladých ľudí a absolventov škôl v kontexte nerovnosti v prístupe na trh práce |c Tímea Kolláriková |
| 520 | |a Príčiny nezamestnanosti mladých ľudí a absolventov škôl. Pozornosť je venovaná viacerým druhom príčin, ako sú faktory procesu transformácie slovenskej ekonomiky a jeho dopad na trh práce, vplyv finančnej a hospodárskej krízy na zamestnanosť týchto osôb, bariéry v prístupe na pracovný trh prejavujúce sa ako chýbajúce zručnosti, schopnosti, či skúsenosti. Identifikovanie väzieb medzi príčinami a hlavnými druhmi nezamestnanosti je obzvlášť zvýraznené. | ||
| 610 | 2 | 0 | |a mládež |
| 610 | 2 | 0 | |a mladiství |
| 610 | 2 | 0 | |a absolventi |
| 610 | 2 | 0 | |a nezamestnanosť |
| 610 | 2 | 0 | |a trh práce |
| 610 | 2 | 0 | |a kríza |
| 100 | 1 | |a Kolláriková, Tímea | |